|
|
|
|
| LEADER |
00000cam a22000004a 4500 |
| 001 |
musev2_22150 |
| 003 |
MdBmJHUP |
| 005 |
20230905042347.0 |
| 006 |
m o d |
| 007 |
cr||||||||nn|n |
| 008 |
111102s2011 mau o 00 0 eng d |
| 020 |
|
|
|a 9780262298940
|
| 020 |
|
|
|z 0262016591
|
| 020 |
|
|
|z 9780262016599
|
| 020 |
|
|
|z 0262298945
|
| 035 |
|
|
|a (OCoLC)833581795
|
| 040 |
|
|
|a MdBmJHUP
|c MdBmJHUP
|
| 100 |
1 |
|
|a Waller, Bruce N.,
|d 1946-
|
| 245 |
1 |
0 |
|a Against Moral Responsibility /
|c Bruce N. Waller.
|
| 264 |
|
1 |
|a Cambridge, Mass. :
|b MIT Press,
|c 2011.
|
| 264 |
|
3 |
|a Baltimore, Md. :
|b Project MUSE,
|c 2014
|
| 264 |
|
4 |
|c ©2011.
|
| 300 |
|
|
|a 1 online resource (368 pages).
|
| 336 |
|
|
|a text
|b txt
|2 rdacontent
|
| 337 |
|
|
|a computer
|b c
|2 rdamedia
|
| 338 |
|
|
|a online resource
|b cr
|2 rdacarrier
|
| 505 |
0 |
0 |
|g Machine generated contents note:
|g 1.
|t Moral Responsibility --
|g 2.
|t Basic Argument against Moral Responsibility --
|g 3.
|t Rescuing Free Will from Moral Responsibility --
|g 4.
|t Hierarchical Free Will and Natural Authenticity --
|g 5.
|t Moral Responsibility in the Gaps --
|g 6.
|t Taking Responsibility --
|g 7.
|t Responsibility for the Self You Make --
|g 8.
|t Illusory Benefits of Moral Responsibility --
|g 9.
|t Character-Fault and Blame-Fault --
|g 10.
|t What Does Not Follow from the Denial of Moral Responsibility: Living Morally without Moral Responsibility --
|g 11.
|t Moral Responsibility System --
|g 12.
|t Begging the Question for Moral Responsibility --
|g 13.
|t Does Moral Responsibility Promote Respect? --
|g 14.
|t Creative Authorship without Ultimate Responsibility --
|g 15.
|t World without Moral Responsibility --
|g 16.
|t Is It Possible to Eliminate Moral Responsibility?
|
| 520 |
8 |
|
|a Here, Bruce Waller launches a spirited attack on a system that is profoundly entrenched in our society and its institutions deeply rooted in our emotions, and vigorously defended by philosophers from ancient times to the present.
|
| 546 |
|
|
|a English.
|
| 588 |
|
|
|a Description based on print version record.
|
| 650 |
1 |
7 |
|a Vrije wil.
|2 gtt
|
| 650 |
1 |
7 |
|a Verantwoordelijkheid.
|2 gtt
|
| 650 |
|
7 |
|a Responsibility.
|2 fast
|0 (OCoLC)fst01095857
|
| 650 |
|
7 |
|a Ethics.
|2 fast
|0 (OCoLC)fst00915833
|
| 650 |
|
7 |
|a PSYCHOLOGY
|x Applied Psychology.
|2 bisacsh
|
| 650 |
|
7 |
|a PHILOSOPHY
|x Social.
|2 bisacsh
|
| 650 |
|
7 |
|a PHILOSOPHY
|x Ethics & Moral Philosophy.
|2 bisacsh
|
| 650 |
|
7 |
|a ethics (philosophy)
|2 aat
|
| 650 |
|
6 |
|a Morale.
|
| 650 |
|
6 |
|a Responsabilite.
|
| 650 |
|
2 |
|a Ethics
|
| 650 |
|
0 |
|a Ethics.
|
| 650 |
|
0 |
|a Responsibility.
|
| 655 |
|
7 |
|a Electronic books.
|2 local
|
| 710 |
2 |
|
|a Project Muse.
|e distributor
|
| 830 |
|
0 |
|a Book collections on Project MUSE.
|
| 856 |
4 |
0 |
|z Texto completo
|u https://projectmuse.uam.elogim.com/book/22150/
|
| 945 |
|
|
|a Project MUSE - Custom Collection
|
| 945 |
|
|
|a Project MUSE - Archive Complete Supplement II
|
| 945 |
|
|
|a Project MUSE - Archive Philosophy and Religion Supplement II
|